[Event "Pfalz-ch MAT2 86th"]
[Site "Wolfstein"]
[Date "2017.04.13"]
[Round "6"]
[White "Freimuth, Dominik"]
[Black "Hain, Guenter"]
[Result "0-1"]
[WhiteElo "1913"]
[BlackElo "1956"]
[PlyCount "70"]
[EventDate "2017.04.07"]
[EventType "tourn"]
[EventRounds "9"]
[EventCountry "GER"]
[SourceTitle "EXT 2018"]
[Source "ChessBase"]
[SourceDate "2017.10.13"]
[SourceVersion "1"]
[SourceVersionDate "2017.10.13"]
[SourceQuality "1"]

1. e4 d5 2. exd5 Qxd5 3. Nc3 Qa5 4. d4 Nf6 5. Bc4 Nc6 6. Nge2 e5 7. Be3 Bd6 8. Qd2 a6 9. 0-0-0 b5 10. Bb3 0-0 11. dxe5 Nxe5 12. Nd5 Qxd2+ 13. Bxd2 Ne4 14. Rdf1 Nxd2 15. Kxd2 Bb7 16. f3 Rad8 17. Ndc3 c5 18. a4 c4 19. Ba2 b4 20. Nd1 Rfe8 21. Kc1 Nxf3 22. gxf3 Rxe2 23. Bxc4 Rxh2 24. Rxh2 Bxh2 25. c3 Bf4+ 26. Kc2 bxc3 27. Nxc3 h5 28. b4 h4 29. Ne2 Be3 30. b5 axb5 31. Bxb5 g5 32. a5 h3 33. a6 Ba8 34. Rh1 g4 35. Rh2 Bxf3 0-1

[Event "Pfalz-ch MAT2 86th"]
[Site "Wolfstein"]
[Date "2017.04.13"]
[Round "5"]
[White "Frohnhaeuser, Simon"]
[Black "Freimuth, Dominik"]
[Result "1-0"]
[WhiteElo "1569"]
[BlackElo "1913"]
[PlyCount "99"]
[EventDate "2017.04.07"]
[EventType "tourn"]
[EventRounds "9"]
[EventCountry "GER"]
[SourceTitle "EXT 2018"]
[Source "ChessBase"]
[SourceDate "2017.10.13"]
[SourceVersion "1"]
[SourceVersionDate "2017.10.13"]
[SourceQuality "1"]

1. e4 e6 2. Nf3 d5 3. Nc3 Nf6 4. e5 Nfd7 5. d4 c5 6. dxc5 Nc6 7. Bf4 Bxc5 8. Bd3 Nb4 9. Be2 0-0 10. 0-0 a6 11. a3 Nc6 12. Bd3 f6 13. exf6 Nxf6 14. Ne5 Ne4 15. Bxe4 Rxf4 16. Nd3 Rf8 17. Nxc5 dxe4 18. Qxd8 Rxd8 19. Rfd1 e5 20. Rxd8+ Nxd8 21. N5xe4 Nc6 22. Nd5 Bf5 23. f3 Kf7 24. Nd6+ Kg6 25. Nxf5 Kxf5 26. Ne3+ Ke6 27. Rd1 Re8 28. Kf2 Nd4 29. c3 Nb3 30. Nd5 Na5 31. Ne3 Nb3 32. Ke2 Nc5 33. Kd2 Rd8+ 34. Kc2 Rxd1 35. Nxd1 e4 36. fxe4 Nxe4 37. Kd3 Ke5 38. Ne3 Nf2+ 39. Ke2 Ne4 40. Nc4+ Kd5 41. Nd2 Nd6 42. Kd3 b5 43. b3 a5 44. c4+ Kc5 45. cxb5 Kxb5 46. Ne4 Nf5 47. Ng5 h6 48. Ne6 Nh4 49. g3 Nf3 50. Nd4+ 1-0

[Event "Pfalz-ch MAT2 86th"]
[Site "Wolfstein"]
[Date "2017.04.07"]
[Round "1"]
[White "Huschens, Matthias"]
[Black "Freimuth, Dominik"]
[Result "1/2-1/2"]
[WhiteElo "1961"]
[BlackElo "1913"]
[PlyCount "57"]
[EventDate "2017.04.07"]
[EventType "tourn"]
[EventRounds "9"]
[EventCountry "GER"]
[SourceTitle "EXT 2018"]
[Source "ChessBase"]
[SourceDate "2017.10.13"]
[SourceVersion "1"]
[SourceVersionDate "2017.10.13"]
[SourceQuality "1"]

1. d4 d5 2. Bf4 Nf6 3. e3 Bf5 4. Nf3 e6 5. Bd3 Bxd3 6. Qxd3 c6 7. 0-0 Bd6 8. Bxd6 Qxd6 9. c4 0-0 10. Nc3 Nbd7 11. Rfd1 Rac8 12. Rac1 Rfe8 13. h3 a6 14. b3 b5 15. e4 dxe4 16. Nxe4 Qf4 17. Nxf6+ Qxf6 18. d5 exd5 19. cxd5 cxd5 20. Qxd5 Nf8 21. Rxc8 Rxc8 22. Qd6 Rc1 23. Qd2 Rc7 24. Rc1 Rxc1+ 25. Qxc1 h6 26. a4 bxa4 27. bxa4 Qd6 28. Qc4 Ne6 29. Qc8+ 1/2-1/2

[Event "Zweibruecken PSB-ch HT3 82nd"]
[Site "Zweibruecken"]
[Date "2013.03.29"]
[Round "6"]
[White "Koschella, Peter"]
[Black "Freimuth, Dominik"]
[Result "0-1"]
[WhiteElo "1506"]
[BlackElo "1394"]
[PlyCount "110"]
[EventDate "2013.??.??"]
[EventType "swiss"]
[EventRounds "7"]
[EventCountry "GER"]
[SourceTitle "EXT 2014"]
[Source "ChessBase"]
[SourceDate "2013.11.20"]
[SourceVersion "1"]
[SourceVersionDate "2013.11.20"]
[SourceQuality "1"]

1. e4 e6 2. d4 d5 3. exd5 exd5 4. Bd3 Bd6 5. Nf3 Nf6 6. Qe2+ Qe7 7. 0-0 Qxe2 8. Bxe2 Bf5 9. c3 0-0 10. Be3 Nbd7 11. Nbd2 Rfe8 12. h3 c6 13. c4 dxc4 14. Bxc4 Nb6 15. Bb3 Nbd5 16. Rfe1 h6 17. Rac1 Rad8 18. Bc2 Bxc2 19. Rxc2 Nb4 20. Rc3 Nxa2 21. Rb3 Nb4 22. Nc4 Nfd5 23. Bd2 Rxe1+ 24. Bxe1 Bf8 25. Kf1 b6 26. Nfe5 f6 27. Ng6 Nc2 28. Ne3 Nxd4 29. Rd3 Nxe3+ 30. fxe3 Ne6 31. Rxd8 Nxd8 32. Nxf8 Kxf8 33. Bg3 Ne6 34. Bb8 a5 35. Ba7 b5 36. Bb6 a4 37. Ke2 Ke7 38. Kd3 Kd6 39. Ba5 c5 40. Bd2 Kd5 41. Kc2 Kc4 42. h4 b4 43. g4 Nc7 44. Be1 Nb5 45. Bg3 g6 46. Bf4 h5 47. gxh5 gxh5 48. Bh6 f5 49. Bg7 b3+ 50. Kd2 a3 51. bxa3 Nxa3 52. Kc1 Nc2 53. Bh6 Kd3 54. Kb2 c4 55. Bg7 Nxe3 0-1

[Event "Zweibruecken PSB-ch HT3 82nd"]
[Site "Zweibruecken"]
[Date "2013.03.24"]
[Round "3"]
[White "Freimuth, Dominik"]
[Black "Haugner, Jan"]
[Result "0-1"]
[WhiteElo "1394"]
[BlackElo "1561"]
[PlyCount "49"]
[EventDate "2013.??.??"]
[EventType "swiss"]
[EventRounds "7"]
[EventCountry "GER"]
[SourceTitle "EXT 2014"]
[Source "ChessBase"]
[SourceDate "2013.11.20"]
[SourceVersion "1"]
[SourceVersionDate "2013.11.20"]
[SourceQuality "1"]

1. e4 c5 2. c4 Nc6 3. Nc3 g6 4. d3 Bg7 5. Be3 d6 6. f4 a6 7. g3 Nd4 8. Qd2 Bd7 9. Bg2 Rb8 10. Rc1 e6 11. Nf3 Ne7 12. Bxd4 cxd4 13. Nd1 Nc6 14. Nf2 0-0 15. 0-0 e5 16. c5 exf4 17. Qxf4 dxc5 18. Rxc5 Qb6 19. Rc2 Nb4 20. Qc7 Qxc7 21. Rxc7 Bb5 22. a3 Nxd3 23. Nxd3 Bxd3 24. e5 Bxf1 25. Kxf1 0-1

[Event "Zweibruecken PSB-ch HT3 82nd"]
[Site "Zweibruecken"]
[Date "2013.03.23"]
[Round "2"]
[White "Schmitt, Martin"]
[Black "Freimuth, Dominik"]
[Result "0-1"]
[WhiteElo "932"]
[BlackElo "1394"]
[PlyCount "90"]
[EventDate "2013.??.??"]
[EventType "swiss"]
[EventRounds "7"]
[EventCountry "GER"]
[SourceTitle "EXT 2014"]
[Source "ChessBase"]
[SourceDate "2013.11.20"]
[SourceVersion "1"]
[SourceVersionDate "2013.11.20"]
[SourceQuality "1"]

1. e4 e6 2. Bb5 c6 3. Be2 d5 4. d3 Bd6 5. exd5 cxd5 6. Bg4 Nf6 7. Nc3 Nc6 8. Bf3 Bd7 9. Nge2 Qc7 10. h3 Rc8 11. Nb5 Qa5+ 12. Nec3 Bb4 13. Bd2 d4 14. Nd6+ Bxd6 15. Ne4 Qc7 16. Nxd6+ Qxd6 17. 0-0 0-0 18. a3 Rfe8 19. Bg5 e5 20. Re1 h6 21. Bh4 Nd5 22. Bg3 Bf5 23. Qd2 Nb6 24. c3 dxc3 25. bxc3 Qxd3 26. Qxd3 Bxd3 27. Rad1 e4 28. Bg4 Rcd8 29. Bc7 Rd5 30. Bf4 f5 31. Bh5 Re6 32. Rd2 Nc4 33. Ra2 g6 34. Bd1 g5 35. Bc1 Red6 36. Ra1 N6a5 37. Bh5 Nb3 38. Ra2 Bb1 39. Be2 Bxa2 40. Bxc4 Kg7 41. Bxd5 Rxd5 42. Bb2 Rd2 43. c4+ Rxb2 44. Rd1 Rb1 45. Rxb1 Bxb1 0-1